000 01176nam a2200277 i 4500
001 181591
003 ES-MaACL
005 20250930063155.0
008 130221s1877 sp a |||| | spa d
080 _a929 Felipe (460) II
100 1 _aMuñoz, Andrés,
_dfl. 1554
_9152324
245 1 0 _aViaje de Felipe Segundo a Inglaterra /
_cpor Andrés Muñoz (impreso en Zaragoza en 1554) y Relaciones varias relativas al mismo suceso.
260 _aMadrid :
_bSociedad de Bibliófilos Españoles,
_c1877.
300 _aXXIX, 226 p. :
_b[2] h. de lám. ;
_c24 cm.
490 1 _aSociedad de Bibliófilos Españoles ;
_v15
500 _aÍndices.
594 _aLas relaciones son cartas relatando otros viajes
600 0 7 _aFelipe
_bII,
_cRey de España-
_xViajes
_2
_9160902
600 0 4 _aFelipe
_bII,
_cRey de España-
_vCorrespondencia
_949177
600 0 4 _aMaría
_cReina consorte de Felipe II, Rey de España.
_9152325
651 4 _aEspaña-
_xHistoria-
_y1556-1598, Felipe II.
_98218
710 2 _aSociedad de Bibliófilos Españoles.
_96661
830 0 0 _aSociedad de Bibliófilos Españoles
_v15
_9187662
852 4 _aES-MaACL
_jJ-7(15)
999 _c181591
_d181591